| 000 | 01070nam a22002537a 4500 | ||
|---|---|---|---|
| 005 | 20170124102952.0 | ||
| 010 | _aA-462114 | ||
| 020 | _c50.00 | ||
| 035 | _aA-462114 | ||
| 037 | _bCen Lib/Ret | ||
| 040 |
_aDPL _bHN |
||
| 082 |
_a820 _bनामव |
||
| 100 |
_aनामवर सिंह _92125 |
||
| 245 |
_aआधुनिक साहित्य की प्रव्रत्तियां / _cनामवर सिंह |
||
| 246 |
_aAdhunik sahitya ki pravrattiyan / _bby Namwar Singh |
||
| 260 |
_aइलाहाबाद _bलोकभारती प्रकाशन _c1990 |
||
| 270 |
_a15-ए, महातम गाँधी मार्ग _bइलाहाबाद |
||
| 300 |
_a144पृ. _c20सेमी(सजिल्द) |
||
| 650 |
_aहिंदी साहित्य _951876 |
||
| 650 |
_aहिंदी साहित्य -- रहस्यवाद _942761 |
||
| 650 |
_aHindi literature _951877 |
||
| 650 |
_aHindi literature -- Mysticism _951878 |
||
| 942 |
_2ddc _cHN _h820 _mनामव |
||
| 999 |
_c113356 _d113356 |
||